LEADER 01152nam a2200265 i 4500 001 000000139005 003 CaOOAMICUS 005 20221005104816.0 008 050516s2004 it u000 u ita u 020 $a88-10-92813-X 040 $aSeMil$bita 100 1 $aCaffarra, Carlo,$c.$0(OLS)http://semarc/name/90006 245 12$aL'educazione: una sfida urgente /$cCarlo Caffarra. 264 1$aBologna :$bEDB,$c2004. 300 $a60 p. ;$c22 cm. 650 4$aAdolescenti - Educazione.$0(OLS)http://semarc/subject/6888 650 4$aCaffarra, Carlo - Interviste.$0(OLS)http://semarc/subject/27302 711 0 $aConvegno regionale Centro Sportivo Italiano .$0(OLS)http://semarc/name/116596 850 $aSeMil 852 $aSeMil$W1$xVenegono$y1$m2Q II 32$j92444$B92444$CSeMilBibl$Z2$F98305 $81 961 $aOmaggio per recensione: EDB 996 $6020$a88-10-92813-X$9(OLS)http://semarc/number/126976 996 $6245$aL'educazione: una sfida urgente$9(OLS)http://semarc/title/203148 996 $6264$aBologna :$bEDB$9(OLS)http://semarc/publisher/29669 LEADER 01996nam a2200337 4500 001 000000350951 003 CaOOAMICUS 005 20251202085335.0 008 220719s1743 fr 000 u fre r 026 $eone- a.,& e-m& ququ (3) 1743 (Q) 040 $aSeMil$bita 041 1 $afre$alat 100 11$aCocquelin, Nicolas,$d<1640?-1693>.$0(OLS)http://semarc/name/116216 245 10$aInterprétation des Pseaumes et des Cantiques, qui se disent tous les jours de la semaine dans l'office de l'Église; avec un abrégé des vérités & des mystères de la religion chrétienne. Par M. Cocquelin, ... 246 07$aInterprétation des Psaumes et des Cantiques 264 1$aA Limoges, et se vend à Paris :$bchez les frères Barbou, libraires, rue des Mathurins,$c[1743] 300 $a[8], 432 p. ;$c8° 500 $aSegn.: a? A-S¹² 500 $aData di pubblicazione presunta, 1743, dall'Approbation a c. a4v 500 $aTesto francese e latino a fronte su due colonne 500 $aFregi xilogr. 650 4$aBibbia. Antico Testamento. Cantico dei Cantici - Traduzioni francesi.$0(OLS)http://semarc/subject/52681 650 4$aBibbia - AT - Salmi - Traduzioni francesi.$0(OLS)http://semarc/subject/4766 700 0 $aBarbou frères,$c.$0(OLS)http://semarc/name/116217 752 $afr$dLimoges 850 $aSeMil 852 $aSeMil$W1$xVenegono$y1$m5D III 3 FA$j233614$B242000$CSeMilBibl$Z2$F242000 $8I 996 $6245$aInterprétation des Pseaumes et des Cantiques, qui se disent tous les jours de la semaine dans l'office de l'Église; avec un abrégé des vérités & des mystères de la religion chrétienne. Par M. Cocquelin, ...$9(OLS)http://semarc/title/440755 996 $6246$aInterprétation des Psaumes et des Cantiques$9(OLS)http://semarc/title/440756 996 $6264$aA Limoges, et se vend à Paris :$bchez les frères Barbou, libraires, rue des Mathurins$9(OLS)http://semarc/publisher/60518